000 00978nam a2200217 a 4500
001 20785
003 CO-ViMGA
008 141112s2004 ck r 000 u spa d
020 _a0205117848
040 _aCO-ViMGA
_bspa
_cCO-ViMGA
082 0 4 _a530 B517f
100 1 _aBlatt, Frank J.
_930056
245 1 0 _aFundamentos de física
250 _a3
260 _aMexico :
_bPearson educación,
_c1991
300 _a900p
505 _aCinemática en dos dimensiones; vectores 30 - - Dinámica 55 - - Movimiento circular 144 - - Propiedades mecánicas de la materia 213 - - Hidrostática e hidrodinámica 235 - - Termodinámica 331 - - Movimiento oscilatorio 357 - - 384 - - Corrientes electricas contínuas 505 - - Optica física 696 - - Física nuclear y partículas elementales 837
590 _aForma de adquisición : Compra fact.0551 - - Precio : 56900 - - Proveedor : Temas y libros - - Fecha de adquisición : Junio 2006
650 1 4 _aFISICA
_910460
942 _2ddc
_cBK
999 _c29739
_d29739